000 00418cam a2200169ua 4500
020 _c10.60
041 _aeng
_h
082 _a823.308
_bPLO/BL
100 _aPlowman, Max .
245 _aBlake`s poems and prophecies /
_cMax Plowman.
_hTextual Documents
260 _aNewyork :
_bJ M Dent and sons ltd ,
_c1959.
300 _a441 ; .
365 _a10.60
504 _a
942 _cBK
999 _c4158
_d4158